Ingeniería mecánica

Furkejuvvon:
Bibliográfalaš dieđut
Váldodahkkit: Riley, William F (Dahkki), Sturges, Leroy D (Dahkki)
Materiálatiipa: Girji
Giella:espánnjágiella
Almmustuhtton: Barcelona, España. Reverté, 1995
Fáttát:
Liŋkkat:Disponible Online- v.2
Fáddágilkorat: Lasit fáddágilkoriid
Eai fáddágilkorat, Lasit vuosttaš fáddágilkora!

MARC

LEADER 00000cam a2200000 a 4500
001 UCQ4950
003 CL-VaPUC
005 20250225094617.0
008 980921e19950000SP |||||||||||||||||spa|d
999 |c 275239  |d 275237 
020 |a 842914255Xv.1 
020 |a 8429142568v.2 
040 |c Pontificia Universidad Católica de Valparaíso 
082 0 4 |a 620.104 RIL 1995  |2 21 
100 0 |a Riley, William F  |e author  |9 419081 
245 1 0 |a Ingeniería mecánica 
260 |a Barcelona, España.  |b Reverté,  |c 1995 
300 |a 2 volúmenes  
505 |a v.1: Estática v.2: Dinámica 
583 |a last modification  |c 20131216 06:35:24  |k Rodrigo Vera 
650 0 |a Ingeniería mecánica   |9 262089 
650 0 |a Estática  |9 260452 
650 0 |a Cinética  |9 260943 
650 0 |a Fuerza  |9 345825 
650 0 |a Equilibrio  |9 362780 
650 7 |a ROZAMIENTO  |2 CL-VaPUC  |9 419083 
650 0 |a Vectores  |9 317184 
700 0 |a Sturges, Leroy D  |e author  |9 419082 
856 |u http://bibliografiadigital.pucv.cl.pucv.idm.oclc.org/index.php/bibliotecapucv/catalog/book/707  |y Disponible Online- v.2  
942 |c BK  |2 ddc 
945 |d 19980921 00:00:00  |a mvenant 
952 |0 0  |1 0  |4 0  |6 620_104000000000000_RIL_1995  |7 0  |8 R  |9 311826  |a BIBMEC  |b BIBMEC  |d 2019-11-20  |h v.1  |i 3529673  |o 620.104 RIL 1995  |p 3529673  |r 2024-01-19  |w 2019-11-20  |y BK_R  |k MEC 
952 |0 0  |1 0  |4 0  |6 620_104000000000000_RIL_1995  |7 0  |8 R  |9 311832  |a BIBMEC  |b BIBMEC  |d 2019-11-20  |h v.2  |i 3529681  |o 620.104 RIL 1995  |p 3529681  |r 2024-01-19  |w 2019-11-20  |y BK_R  |k MEC 
952 |0 0  |1 0  |4 0  |6 620_104000000000000_RIL_1995  |7 0  |8 R  |9 311838  |a BIBMEC  |b BIBMEC  |d 2019-11-20  |h v.2  |i 3636542  |o 620.104 RIL 1995  |p 3636542  |r 2024-01-19  |w 2019-11-20  |y BK_R  |k MEC 
952 |0 0  |1 0  |4 0  |6 620_104000000000000_RIL_1995  |7 0  |8 R  |9 311839  |a BIBMEC  |b BIBMEC  |d 2019-11-20  |h v.2  |i 3636550  |o 620.104 RIL 1995  |p 3636550  |r 2024-01-19  |w 2019-11-20  |y BK_R  |k MEC 
952 |0 0  |1 0  |4 0  |6 620_104000000000000_RIL_1995  |7 0  |8 R  |9 311840  |a BIBMEC  |b BIBMEC  |d 2019-11-20  |h v.1  |i 3694364  |o 620.104 RIL 1995  |p 3694364  |r 2024-01-19  |w 2019-11-20  |y BK_R  |k MEC 
952 |0 0  |1 0  |4 0  |6 620_104000000000000_RIL_1995  |7 0  |8 R  |9 311841  |a BIBMEC  |b BIBMEC  |d 2019-11-20  |h v.1  |i 3818942  |o 620.104 RIL 1995  |p 3818942  |r 2019-11-20  |w 2019-11-20  |y BK_R  |k MEC 
952 |0 0  |1 0  |4 0  |6 620_104000000000000_RIL_1995  |7 0  |8 R  |9 311842  |a BIBMEC  |b BIBMEC  |d 2019-11-20  |h v.2  |i 3823458  |o 620.104 RIL 1995  |p 3823458  |r 2024-01-19  |w 2019-11-20  |y BK_R  |k MEC 
952 |0 0  |1 0  |4 0  |6 620_104000000000000_RIL_1995  |7 0  |8 R  |9 311843  |a BIBMEC  |b BIBMEC  |d 2019-11-20  |h v.2  |i 3841413  |o 620.104 RIL 1995  |p 3841413  |r 2024-01-19  |w 2019-11-20  |y BK_R  |k MEC 
952 |0 0  |1 0  |4 0  |6 620_104000000000000_RIL_1995  |7 0  |8 R  |9 311844  |a BIBMEC  |b BIBMEC  |d 2019-11-20  |h v.1  |i 3898466  |o 620.104 RIL 1995  |p 3898466  |r 2024-01-19  |w 2019-11-20  |y BK_R  |k MEC 
952 |0 0  |1 0  |4 0  |6 620_104000000000000_RIL_1995  |7 0  |8 R  |9 311845  |a BIBMEC  |b BIBMEC  |d 2019-11-20  |h v.2  |i 3898474  |o 620.104 RIL 1995  |p 3898474  |r 2024-01-19  |w 2019-11-20  |y BK_R  |k MEC 
952 |0 0  |1 0  |2 ddc  |4 0  |6 620_104000000000000_RIL_1995  |7 0  |8 A  |9 311846  |a BIBING  |b BIBING  |c RES  |d 2019-11-20  |h v.1  |i 4296699  |o 620.104 RIL 1995  |p 4296699  |r 2025-01-20  |w 2019-11-20  |y BK  |k EIE 
952 |0 0  |1 0  |2 ddc  |4 0  |6 620_104000000000000_RIL_1995  |7 0  |8 A  |9 311847  |a BIBING  |b BIBING  |c RES  |d 2019-11-20  |h v.1  |i 4296702  |l 1  |o 620.104 RIL 1995  |p 4296702  |r 2025-01-20  |s 2023-11-28  |w 2019-11-20  |y BK  |k EIE 
952 |0 0  |1 0  |4 0  |6 620_104000000000000_RIL_1995  |7 0  |8 R  |9 311848  |a BIBMEC  |b BIBMEC  |d 2019-11-20  |h v.1  |i 4510739  |o 620.104 RIL 1995  |p 4510739  |r 2024-01-19  |w 2019-11-20  |y BK_R  |k MEC 
952 |0 0  |1 0  |4 0  |6 620_104000000000000_RIL_1995  |7 0  |8 R  |9 311849  |a BIBMEC  |b BIBMEC  |d 2019-11-20  |h v.1  |i 4510747  |o 620.104 RIL 1995  |p 4510747  |r 2024-01-19  |w 2019-11-20  |y BK_R  |k MEC 
952 |0 0  |1 0  |4 0  |6 620_104000000000000_RIL_1995  |7 0  |8 R  |9 311850  |a BIBMEC  |b BIBMEC  |d 2019-11-20  |h v.2  |i 4510755  |o 620.104 RIL 1995  |p 4510755  |r 2024-01-19  |w 2019-11-20  |y BK_R  |k MEC 
952 |0 0  |1 0  |4 0  |6 620_104000000000000_RIL_1995  |7 0  |8 R  |9 311851  |a BIBMEC  |b BIBMEC  |d 2019-11-20  |h v.2  |i 4510763  |l 2  |o 620.104 RIL 1995  |p 4510763  |r 2024-05-22  |s 2024-05-15  |w 2019-11-20  |y BK_R  |k MEC 
952 |0 0  |1 0  |4 0  |6 620_104000000000000_RIL_1995  |7 0  |8 R  |9 311852  |a BIBMEC  |b BIBMEC  |d 2019-11-20  |h v.1  |i 4963040  |o 620.104 RIL 1995  |p 4963040  |r 2024-01-19  |w 2019-11-20  |y BK_R  |k MEC 
952 |0 0  |1 0  |4 0  |6 620_104000000000000_RIL_1995  |7 0  |8 R  |9 311853  |a BIBMEC  |b BIBMEC  |d 2019-11-20  |h v.1  |i 4963059  |o 620.104 RIL 1995  |p 4963059  |r 2024-01-19  |w 2019-11-20  |y BK_R  |k MEC 
952 |0 0  |1 0  |4 0  |6 620_104000000000000_RIL_1995  |7 0  |8 R  |9 311854  |a BIBMEC  |b BIBMEC  |d 2019-11-20  |h v.1  |i 4963067  |o 620.104 RIL 1995  |p 4963067  |r 2024-01-19  |w 2019-11-20  |y BK_R  |k MEC 
952 |0 0  |1 0  |4 0  |6 620_104000000000000_RIL_1995  |7 0  |8 R  |9 311855  |a BIBMEC  |b BIBMEC  |d 2019-11-20  |h v.1  |i 4963083  |o 620.104 RIL 1995  |p 4963083  |r 2024-01-19  |w 2019-11-20  |y BK_R  |k MEC 
952 |0 0  |1 0  |3 erb  |4 0  |6 620_104000000000000_RIL_1995  |7 0  |8 R  |9 311856  |a BIBMEC  |b BIBMEC  |h v.1  |i 5037085  |o 620.104 RIL 1995  |p 5037085  |r 2024-01-19  |w 2019-11-20  |y BK_R  |z Catalogado en:20131220  |k MEC